Hlas nestranné občianske noviny

Podrobná bibliografia
Médium: Časopis
Jazyk:slovenčina
Fyzický popis:zv. 30 cm
Vydavateľské údaje: Trenčianske Stankovce Dušan Pevný 2015-
Predmet:
On-line prístup:http://www.trencianskestankovce.sk/obec-3/napisali-o-nas-/

MARC

LEADER 00000cas a2200000 a 4500
001 vtls010664100
003 SK-MaSNL
005 20260228161130.0
008 150330c20159999xo br p 0 b0slo
040 |a SNK  |b slo  |c SNK  |e AACR2 
041 0 |a slo 
043 |a e-xo--- 
044 |a xo  |c SK 
072 |a 352/354  |x Stupne miestnej, oblastnej a ústrednej správy  |2 konspekt 
072 |a 394  |x Verejný a spoločenský život. Každodenný život  |2 konspekt 
072 |a 316.7  |x Sociológia kultúry. Kultúrny život  |2 konspekt 
080 |a 352  |2 2011 
080 |a 394  |2 2011 
080 |a 316.728  |2 2011 
080 |a 050  |2 2011 
080 |a (051)+(054)  |2 2011 
080 |a (437.6)  |2 2011 
245 0 0 |a Hlas  |b nestranné občianske noviny 
246 1 3 |a Občianske noviny Hlas 
260 |a Trenčianske Stankovce  |b Dušan Pevný  |c 2015- 
300 |a zv.  |c 30 cm 
310 |a 6x ročne 
362 0 |a Č. 1 (2015)- 
500 |a Evidenčné číslo MK SR: EV 5100/15 
500 |a Podnázov sa mení: nezávislé občianske noviny ; občianske noviny 
650 0 7 |a miestna správa  |2 SNKPH  |9 29496 
650 0 7 |a spoločenský život  |2 SNKPH  |9 28654 
651 7 |a Trenčianske Stankovce (Slovensko)  |2 SNKPHgeo  |9 58824 
655 7 |a miestne periodiká  |2 SNKPH  |9 160938 
856 |u http://www.trencianskestankovce.sk/obec-3/napisali-o-nas-/ 
910 |a snk 
999 |c 4446  |d 6376 
952 |0 0  |1 0  |4 0  |7 0  |8 0  |a SNK  |b SNK  |d 2020-12-08  |i snk2020/22113  |l 0  |o snkČSB 7369/5/2019  |p 17A1432595  |r 2026-02-21 19:24:43  |t č. 1-7  |w 2026-02-21  |y PREZ 
952 |0 0  |1 0  |4 0  |7 0  |8 0  |a SNK  |b SNK  |d 2019-11-15  |i snk2019/29580  |l 0  |o snkČSB 7369/4/2018  |p 17A1385123  |r 2026-02-21 19:43:46  |t č. 1-6, neúplné  |w 2026-02-21  |y PREZ  |z Chýba č. 1 
952 |0 0  |1 0  |4 0  |7 0  |8 0  |a SNK  |b SNK  |d 2019-11-15  |i snk2019/29572  |l 0  |o snkČSB 7369/2015  |p 17A1385126  |r 2026-02-21 22:08:24  |t č. 1-6  |w 2026-02-21  |y PREZ 
952 |0 0  |1 0  |4 0  |7 0  |8 0  |a SNK  |b SNK  |d 2019-11-15  |i snk2019/29574  |l 0  |o snkČSB 7369/2/2016  |p 17A1385125  |r 2026-02-21 22:08:24  |t č. 1-6, neúplné  |w 2026-02-21  |y PREZ  |z Chýba č. 4 
952 |0 0  |1 0  |4 0  |7 0  |8 0  |a SNK  |b SNK  |d 2019-11-15  |i snk2019/29577  |l 0  |o snkČSB 7369/3/2017  |p 17A1385124  |r 2026-02-21 22:08:24  |t č. 1-6  |w 2026-02-21  |y PREZ